Arquitectura retórica del "Adversus Praxean" de Tertuliano

Saved in:  
Bibliographic Details
Main Author: Uríbarri Bilbao, Gabino 1959- (Author)
Format: Print Article
Language:Spanish
Check availability: HBZ Gateway
Interlibrary Loan:Interlibrary Loan for the Fachinformationsdienste (Specialized Information Services in Germany)
Published: 1995
In: Estudios eclesiásticos
Year: 1995, Volume: 70, Issue: 275, Pages: 449-487
Standardized Subjects / Keyword chains:B Tertullianus, Quintus Septimius Florens 150-230, Adversus Praxean
IxTheo Classification:KAB Church history 30-500; early Christianity
Parallel Edition:Electronic

MARC

LEADER 00000caa a22000002c 4500
001 1637195605
003 DE-627
005 20220616105721.0
007 tu
008 160405s1995 xx ||||| 00| ||spa c
035 |a (DE-627)1637195605 
035 |a (DE-576)464359473 
035 |a (DE-599)BSZ464359473 
040 |a DE-627  |b ger  |c DE-627  |e rakwb 
041 |a spa 
084 |a 1  |2 ssgn 
100 1 |0 (DE-588)133804615  |0 (DE-627)691835969  |0 (DE-576)177893281  |4 aut  |a Uríbarri Bilbao, Gabino  |d 1959- 
109 |a Uríbarri Bilbao, Gabino 1959-  |a Uríbarri, Gabino 1959-  |a Bilbao, Gabino Uríbarri 1959-  |a Uríbarri-Bilbao, Gabino 1959-  |a Bilbao, Gabino Uríbarri- 1959- 
245 1 0 |a Arquitectura retórica del "Adversus Praxean" de Tertuliano 
264 1 |c 1995 
336 |a Text  |b txt  |2 rdacontent 
337 |a ohne Hilfsmittel zu benutzen  |b n  |2 rdamedia 
338 |a Band  |b nc  |2 rdacarrier 
652 |a KAB 
689 0 0 |d u  |0 (DE-588)4134873-4  |0 (DE-627)105669326  |0 (DE-576)209655933  |a Tertullianus, Quintus Septimius Florens  |2 gnd  |d 150-230  |t Adversus Praxean 
689 0 |5 (DE-627) 
773 0 8 |i In  |t Estudios eclesiásticos  |d Madrid : Universidad Pontificia Comillas, 1922  |g 70(1995), 275, Seite 449-487  |w (DE-627)166747653  |w (DE-600)300234-2  |w (DE-576)015178765  |x 0210-1610  |7 nnas 
773 1 8 |g volume:70  |g year:1995  |g number:275  |g pages:449-487 
776 |i Erscheint auch als  |n elektronische Ausgabe  |w (DE-627)1816247057  |k Electronic 
935 |a mteo 
951 |a AR 
ELC |b 1 
ITA |a 1  |t 1 
LOK |0 000 xxxxxcx a22 zn 4500 
LOK |0 001 329532025X 
LOK |0 003 DE-627 
LOK |0 004 1637195605 
LOK |0 005 20160405112607 
LOK |0 008 160404||||||||||||||||ger||||||| 
LOK |0 040   |a DE-Tue135  |c DE-627  |d DE-Tue135 
LOK |0 092   |o n 
LOK |0 852   |a DE-Tue135 
LOK |0 852 1  |9 00 
LOK |0 935   |a ixzs  |a ixmi 
LOK |0 936ln  |0 1442044284  |a KAB 
LOK |0 939   |a 04-04-16  |b l01 
ORI |a SA-MARC-ixtheoa001.raw 
SYG 0 0 |a Tertullianus, Quintus Septimius Florens,150-230,Gegen Praxeas,Tertullianus, Quintus Septimius Florens,150-230,Adversus Praxeam